| 000 | 00000nam##2200000za#4500 |
| 001 | 9.574001 |
| 003 | CaOODSP |
| 005 | 20210624183954 |
| 007 | cr ||||||||||| |
| 008 | 150406|1998||||xxc|||||o f|0| 0 eng|d |
| 022 | |a1488-5379 |
| 040 | |aCaOODSP|beng |
| 043 | |an-cn--- |
| 086 | 1 |aFs97-6/2233E-PDF |
| 110 | 1 |aCanada. |bDepartment of Fisheries and Oceans. |bMaritimes Region. |
| 245 | 10|aProceedings of a workshop to assess alternatives to the fish survey component of the Environmental Effects Monitoring program for Canadian pulp and paper mills / |h[electronic resource]|cby Simon C. Courtenay, W. Roy Parker and Gary P. Rawn. |
| 260 | |aMoncton - New Brunswick : |bFisheries and Oceans Canada. |cc1998. |
| 300 | |a118p.|bfigs., map, references, tables |
| 490 | 1 |aCanadian technical report of fisheries and aquatic sciences|x1488-5379|vNo. 2233 |
| 500 | |aThe catalogue number (Fs97-6/2233E) and ISSN (0706-6457) for the print edition have been incorrectly copied in this electronic publication. |
| 546 | |a(Résumé en français) |
| 590 | |a12-22-Supp|b2012-05-24 |
| 720 | 1 |aParker, W. Roy |
| 720 | 1 |aRawn, Gary P. |
| 720 | 1 |aCourtenay, Simon C. |
| 776 | 0#|tProceedings of a workshop to assess alternatives to the fish survey component of the Environmental Effects Monitoring Program for Canadian pulp and paper mills / |w(CaOODSP)9.614560 |
| 830 | #0|aCanadian technical report of fisheries and aquatic sciences,|x1488-5379|vNo. 2233|w(CaOODSP)9.504449 |
| 856 | 40|ahttp://publications.gc.ca|qPDF|s7.46 MB|uhttps://publications.gc.ca/collections/collection_2012/mpo-dfo/Fs97-6-2233-eng.pdf|yNo. 2233 |